[Event "EU-chT Seniors 65"]
[Site "Swidnica"]
[Date "2023.07.20"]
[Round "9.2"]
[White "Large, Peter G"]
[Black "Sprotte, Norbert"]
[Result "1-0"]
[WhiteElo "2235"]
[BlackElo "2162"]
[PlyCount "49"]
[EventDate "2023.07.12"]
[EventType "team-swiss"]
[EventRounds "9"]
[EventCountry "POL"]
[SourceTitle "CBM 215 Extra"]
[Source "ChessBase"]
[SourceDate "2023.09.30"]
[SourceVersion "1"]
[SourceVersionDate "2023.09.30"]
[SourceQuality "1"]
[WhiteTeam "England 65"]
[BlackTeam "Kreuzberg 65   "]
[WhiteTeamCountry "ENG"]
[BlackTeamCountry "GER"]

1. Nf3 d5 2. b3 c5 3. e3 e6 4. Bb2 Nf6 5. g3 Nc6 6. Bg2 Be7 7. 0-0 0-0 8. c4 b6 9. Nc3 Bb7 10. cxd5 Nxd5 11. Nxd5 exd5 12. d4 Ba6 13. Re1 Nb4 14. Ne5 f6 15. a3 fxe5 16. axb4 Bb7 17. dxc5 e4 18. Bd4 a5 19. cxb6 Bxb4 20. Qg4 Qe7 21. Rec1 Rac8 22. Bh3 Kh8 23. Qh5 Rxc1+ 24. Rxc1 Qe8 25. Qh6 1-0

[Event "EU-chT Seniors 65"]
[Site "Swidnica"]
[Date "2023.07.16"]
[Round "5.5"]
[White "Sprotte, Norbert"]
[Black "Hammar, Bengt Erik"]
[Result "1-0"]
[WhiteElo "2162"]
[BlackElo "2113"]
[PlyCount "73"]
[EventDate "2023.07.12"]
[EventType "team-swiss"]
[EventRounds "9"]
[EventCountry "POL"]
[SourceTitle "CBM 215 Extra"]
[Source "ChessBase"]
[SourceDate "2023.09.30"]
[SourceVersion "1"]
[SourceVersionDate "2023.09.30"]
[SourceQuality "1"]
[WhiteTeam "Kreuzberg 65   "]
[BlackTeam "Sweden 65"]
[WhiteTeamCountry "GER"]
[BlackTeamCountry "SWE"]

1. d4 Nf6 2. Nf3 g6 3. Nc3 c5 4. d5 d6 5. e4 Bg7 6. Bb5+ Nfd7 7. a4 0-0 8. 0-0 Na6 9. h3 Nf6 10. Bf4 Nc7 11. Bc4 Re8 12. e5 dxe5 13. Bxe5 e6 14. d6 Ncd5 15. Nb5 Bd7 16. Nc7 Nxc7 17. dxc7 Qc8 18. Re1 Bc6 19. Qd3 Bxf3 20. Qxf3 Nd7 21. Bd6 Bf8 22. Qd3 a6 23. a5 Nf6 24. Rad1 Nd5 25. Bxf8 Rxf8 26. Bxd5 exd5 27. Re7 d4 28. Qc4 Qf5 29. b4 cxb4 30. Rxd4 Qxa5 31. Rdd7 Qa1+ 32. Kh2 Qf6 33. Qc5 b6 34. Qxb4 Qxf2 35. Qd6 Qxc2 36. Rd8 Qf5 37. Red7 1-0

[Event "Oberliga Nord O 2122"]
[Site "Germany"]
[Date "2021.11.21"]
[Round "2.5"]
[White "Janaszak, Dawid"]
[Black "Sprotte, Norbert"]
[Result "1-0"]
[WhiteElo "2328"]
[BlackElo "2161"]
[PlyCount "65"]
[EventDate "2021.10.31"]
[EventType "team-tourn"]
[EventRounds "9"]
[EventCountry "GER"]
[SourceTitle "EXT 2023"]
[Source "ChessBase"]
[SourceDate "2022.10.05"]
[SourceVersion "1"]
[SourceVersionDate "2022.10.05"]
[SourceQuality "1"]
[WhiteTeam "Glueck Auf Ruedersdorf"]
[BlackTeam "Kreuzberg"]
[WhiteTeamCountry "GER"]
[BlackTeamCountry "GER"]

1. e4 e6 2. d4 d5 3. Bd3 c5 4. exd5 exd5 5. c3 cxd4 6. cxd4 Nc6 7. Nf3 Bd6 8. 0-0 Nge7 9. Nc3 Bg4 10. Re1 h6 11. h3 Be6 12. Be3 0-0 13. Nh4 Qd7 14. Qh5 f5 15. f4 Bf7 16. Qe2 Rae8 17. Qd2 Bh5 18. Kh1 Bc7 19. Rg1 a6 20. Raf1 Bb6 21. Qf2 Qe6 22. Re1 Rd8 23. Na4 Ba7 24. Nc5 Bxc5 25. dxc5 d4 26. Bd2 Qd7 27. g4 Bf7 28. gxf5 Qc7 29. Qg3 Bd5+ 30. Kh2 Rf7 31. f6 Nc8 32. Qxg7+ Rxg7 33. Rxg7+ 1-0

[Event "DSOL 02 Liga Final 1st"]
[Site "Playchess.com INT"]
[Date "2020.08.25"]
[Round "1.2"]
[White "Hansch, Stephan"]
[Black "Sprotte, Norbert"]
[Result "1/2-1/2"]
[WhiteElo "2133"]
[BlackElo "2097"]
[PlyCount "29"]
[EventDate "2020.06.22"]
[EventType "team-k.o. (rapid)"]
[EventCountry "GER"]
[SourceTitle "EXT 2021"]
[Source "ChessBase"]
[SourceDate "2020.10.23"]
[SourceVersion "1"]
[SourceVersionDate "2020.10.23"]
[SourceQuality "1"]
[WhiteTeam "Stendal"]
[BlackTeam "Kreuzberg"]
[WhiteTeamCountry "GER"]
[BlackTeamCountry "GER"]

1. d4 Nf6 2. c4 e6 3. Nf3 Bb4+ 4. Bd2 Qe7 5. g3 Nc6 6. Nc3 Bxc3 7. Bxc3 Ne4 8. Rc1 0-0 9. Bg2 d6 10. d5 Nxc3 11. Rxc3 Nd8 12. dxe6 Nxe6 13. 0-0 a5 14. e3 Nc5 15. Nd4 1/2-1/2

[Event "DSOL 02 Liga Gr-B 1st"]
[Site "Playchess.com INT"]
[Date "2020.08.07"]
[Round "7.2"]
[White "Sprotte, Norbert"]
[Black "Kordts, Michael"]
[Result "1/2-1/2"]
[WhiteElo "2097"]
[BlackElo "1966"]
[PlyCount "123"]
[EventDate "2020.06.22"]
[EventType "team-tourn (rapid)"]
[EventCountry "GER"]
[SourceTitle "EXT 2021"]
[Source "ChessBase"]
[SourceDate "2020.10.23"]
[SourceVersion "1"]
[SourceVersionDate "2020.10.23"]
[SourceQuality "1"]
[WhiteTeam "Kreuzberg"]
[BlackTeam "Wrist Kellinghusen"]
[WhiteTeamCountry "GER"]
[BlackTeamCountry "GER"]

1. d4 Nf6 2. Nf3 g6 3. Nc3 d5 4. Bf4 Bg7 5. Nb5 Na6 6. e3 0-0 7. Be2 c5 8. dxc5 Nh5 9. Be5 Nxc5 10. Bxg7 Nxg7 11. Nc3 e6 12. h4 h6 13. g4 Ne4 14. Nxe4 dxe4 15. Qxd8 Rxd8 16. Nd2 f5 17. 0-0-0 Bd7 18. Nb3 Rac8 19. Rd2 Ba4 20. Rhd1 Rxd2 21. Rxd2 Kf7 22. Rd4 Be8 23. Na5 Rc7 24. Nc4 Ke7 25. g5 hxg5 26. hxg5 b5 27. Nd6 a6 28. Nxe8 Nxe8 29. a4 Nd6 30. axb5 axb5 31. b4 e5 32. Rd5 Ke6 33. Rd1 Rb7 34. Kb2 f4 35. Bg4+ Nf5 36. Rd8 Ke7 37. Rh8 Kd6 38. Bxf5 gxf5 39. Rh6+ Kd5 40. Rf6 fxe3 41. fxe3 f4 42. exf4 e3 43. Rf5 Ke4 44. Rxe5+ Kxf4 45. Re8 Rg7 46. Kc3 Kf3 47. Rf8+ Ke2 48. Kd4 Kd2 49. c4 e2 50. Re8 bxc4 51. Kxc4 Rxg5 52. b5 e1Q 53. Rxe1 Kxe1 54. b6 Kd2 55. b7 Rg8 56. Kb5 Kc3 57. Kc6 Kc4 58. Kc7 Rg7+ 59. Kc6 Rg6+ 60. Kc7 Rg7+ 61. Kc6 Rxb7 62. Kxb7 1/2-1/2

[Event "Oberliga Nord O 1920"]
[Site "Germany"]
[Date "2020.03.01"]
[Round "7.8"]
[White "Mueller, Klaus2222"]
[Black "Sprotte, Norbert"]
[Result "0-1"]
[WhiteElo "1945"]
[BlackElo "2166"]
[PlyCount "116"]
[EventDate "2019.09.29"]
[EventType "team-tourn"]
[EventRounds "9"]
[EventCountry "GER"]
[SourceTitle "CBM 195 Extra"]
[Source "ChessBase"]
[SourceDate "2020.05.31"]
[SourceVersion "1"]
[SourceVersionDate "2020.05.31"]
[SourceQuality "1"]

1. e4 e6 2. d4 d5 3. Bd3 c5 4. exd5 exd5 5. dxc5 Bxc5 6. Nf3 Ne7 7. 0-0 Bg4 8. Bf4 Nbc6 9. Nbd2 Qd7 10. c3 0-0 11. h3 Bf5 12. Nb3 Bb6 13. Bxf5 Nxf5 14. Qd2 Rad8 15. Rad1 Nce7 16. Rfe1 Ng6 17. Ne5 Qa4 18. Nxg6 hxg6 19. Nc1 d4 20. b3 dxc3 21. bxa4 cxd2 22. Rxd2 Ba5 23. Rxd8 Rxd8 24. Re4 Rd1+ 25. Kh2 Bb6 26. g4 Nd4 27. Kg2 Ne6 28. Ne2 Ra1 29. Nc3 Ba5 30. Bd2 Bxc3 31. Bxc3 Rxa2 32. Rc4 Rc2 33. h4 b6 34. Kf3 a5 35. Ke3 Nc5 36. Kd4 Rxf2 37. Bxa5 Rf4+ 38. Kd5 Rxc4 39. Kxc4 bxa5 40. Kxc5 f5 41. g5 Kf7 42. Kd5 Kf8 43. Kd4 Ke8 44. Ke5 Ke7 45. Kd5 Kd7 46. Ke5 Kc6 47. Ke6 f4 48. Kf7 f3 49. Kxg6 f2 50. Kxg7 f1Q 51. h5 Qf5 52. Kh6 Qf4 53. Kg6 Qxa4 54. Kh7 Qh4 55. Kh6 Qf4 56. Kg6 a4 57. h6 a3 58. h7 Qf8 0-1

[Event "Bodensee Seniors op"]
[Site "Bregenz"]
[Date "2019.05.27"]
[Round "2"]
[White "Hellmann, Thomas"]
[Black "Sprotte, Norbert"]
[Result "0-1"]
[WhiteElo "1865"]
[BlackElo "2149"]
[PlyCount "52"]
[EventDate "2019.05.26"]
[EventType "swiss"]
[EventRounds "7"]
[EventCountry "AUT"]
[SourceTitle "CBM 190 Extra"]
[Source "ChessBase"]
[SourceDate "2019.07.15"]
[SourceVersion "1"]
[SourceVersionDate "2019.07.15"]
[SourceQuality "1"]

1. c4 Nf6 2. g3 c6 3. Nf3 d5 4. b3 Bf5 5. Bg2 e6 6. 0-0 h6 7. Bb2 Be7 8. d3 0-0 9. Re1 a5 10. Nbd2 a4 11. e4 dxe4 12. dxe4 Bh7 13. e5 Nfd7 14. Qe2 Nc5 15. Bd4 Nba6 16. Red1 Qc7 17. Bc3 axb3 18. Nxb3 Na4 19. Ba5 Qc8 20. Ne1 N6c5 21. Bb4 Nxb3 22. Bxe7 Nxa1 23. Bxf8 Qxf8 24. Rxa1 Qc5 25. Rc1 Qd4 26. Nf3 Qb2 0-1

[Event "Porto Mannu op 10th"]
[Site "Porto Mannu"]
[Date "2018.06.03"]
[Round "2"]
[White "Marin, Mihail"]
[Black "Sprotte, Norbert"]
[Result "1-0"]
[WhiteElo "2544"]
[BlackElo "2175"]
[PlyCount "41"]
[EventDate "2018.06.02"]
[EventType "swiss"]
[EventRounds "9"]
[EventCountry "ITA"]
[SourceTitle "CBM 184 Extra"]
[Source "ChessBase"]
[SourceDate "2018.06.28"]
[SourceVersion "1"]
[SourceVersionDate "2018.06.28"]
[SourceQuality "1"]

1. d4 Nf6 2. Nf3 c5 3. e3 e6 4. Bd3 b6 5. 0-0 Bb7 6. b3 Be7 7. Bb2 0-0 8. c4 d6 9. Nc3 Nbd7 10. d5 e5 11. Nd2 Ne8 12. f4 exf4 13. exf4 Nc7 14. Qc2 g6 15. f5 Ne5 16. Nce4 gxf5 17. Ng3 Nxd3 18. Qxd3 Bf6 19. Bxf6 Qxf6 20. Nxf5 Rad8 21. Ne4 1-0

[Event "Arco op-A 39th"]
[Site "Arco"]
[Date "2017.10.12"]
[Round "6"]
[White "Okhotnik, Vladimir"]
[Black "Sprotte, Norbert"]
[Result "1-0"]
[WhiteElo "2432"]
[BlackElo "2154"]
[PlyCount "33"]
[EventDate "2017.10.07"]
[EventType "swiss"]
[EventRounds "9"]
[EventCountry "ITA"]
[SourceTitle "CBM 181 Extra"]
[Source "ChessBase"]
[SourceDate "2017.12.12"]
[SourceVersion "1"]
[SourceVersionDate "2017.12.12"]
[SourceQuality "1"]

1. e4 e6 2. d4 d5 3. Nc3 Bb4 4. exd5 exd5 5. Bd3 Nf6 6. a3 Bxc3+ 7. bxc3 0-0 8. Ne2 Nbd7 9. 0-0 Nb6 10. Ng3 Bg4 11. f3 Be6 12. Bg5 h6 13. Bf4 Nc4 14. Qc1 Nh7 15. Bxh6 Re8 16. Bxg7 Kxg7 17. Nh5+ 1-0

[Event "World Amateur-ch U2300"]
[Site "Spoleto"]
[Date "2017.04.08"]
[Round "9"]
[White "Sprotte, Norbert"]
[Black "Bayarmaa, Bayarjargal"]
[Result "0-1"]
[WhiteElo "2189"]
[BlackElo "2193"]
[PlyCount "116"]
[EventDate "2017.04.01"]
[EventType "swiss"]
[EventRounds "9"]
[EventCountry "ITA"]
[SourceTitle "CBM 177 Extra"]
[Source "ChessBase"]
[SourceDate "2017.04.27"]
[SourceVersion "1"]
[SourceVersionDate "2017.04.27"]
[SourceQuality "1"]

1. Nf3 Nf6 2. g3 g6 3. b3 Bg7 4. Bb2 d6 5. d4 0-0 6. Bg2 Nc6 7. Nc3 Bf5 8. 0-0 Ne4 9. Nxe4 Bxe4 10. Qd2 a5 11. c4 e6 12. Rfd1 Qf6 13. Qf4 Qxf4 14. gxf4 a4 15. Ne1 Bxg2 16. Kxg2 axb3 17. axb3 Rxa1 18. Bxa1 Ra8 19. e3 Ra3 20. d5 Rxa1 21. dxc6 bxc6 22. Rxa1 Bxa1 23. Nc2 Bc3 24. Kf3 f5 25. Ke2 c5 26. Kd3 Bf6 27. f3 Kf7 28. e4 Ke7 29. Ne1 Bb2 30. Ke2 Kf6 31. Nd3 Bd4 32. Kf1 fxe4 33. fxe4 e5 34. fxe5+ Bxe5 35. Kg2 Kg5 36. h3 Kh4 37. Ne1 Kh5 38. Kf3 Kh4 39. Kg2 g5 40. Nf3+ Kh5 41. Ne1 g4 42. Nd3 Kh4 43. hxg4 Kxg4 44. b4 cxb4 45. Nxb4 c5 46. Nd5 Bd4 47. Kh2 Kf3 48. Kh3 Kxe4 49. Kg4 Kd3 50. Nb6 Bf6 51. Nc8 d5 52. cxd5 c4 53. Kf5 c3 54. Kxf6 c2 55. d6 c1Q 56. d7 Qc7 57. Ke7 h5 58. Nd6 h4 0-1

[Event "Wch Seniors 65 26th"]
[Site "Marianske Lazne"]
[Date "2016.11.24"]
[Round "6"]
[White "Renman, Nils Gustaf"]
[Black "Sprotte, Norbert"]
[Result "1-0"]
[WhiteElo "2352"]
[BlackElo "2196"]
[PlyCount "59"]
[EventDate "2016.11.19"]
[EventType "swiss"]
[EventRounds "11"]
[EventCountry "CZE"]
[SourceTitle "CBM 175 Extra"]
[Source "ChessBase"]
[SourceDate "2016.12.12"]
[SourceVersion "1"]
[SourceVersionDate "2016.12.12"]
[SourceQuality "1"]

1. d4 Nf6 2. Nf3 c5 3. d5 b5 4. Bg5 Qb6 5. Nc3 b4 6. Na4 Qa5 7. b3 Ne4 8. Qd3 Nxg5 9. Nxg5 h6 10. Ne4 d6 11. Qe3 Qd8 12. 0-0-0 Bf5 13. Naxc5 dxc5 14. d6 Bxe4 15. Qxe4 Nd7 16. e3 Rb8 17. Bc4 e5 18. f4 Qf6 19. Rd5 Bxd6 20. Rf1 Qe7 21. fxe5 Nxe5 22. Rxe5 Bxe5 23. Bxf7+ Kd8 24. Qc6 Rf8 25. Rd1+ Bd4 26. exd4 Qe3+ 27. Kb1 Ke7 28. Qc7+ Kf6 29. Rf1+ Kg5 30. Qxc5+ 1-0

[Event "Wch Seniors 65 26th"]
[Site "Marianske Lazne"]
[Date "2016.11.21"]
[Round "3"]
[White "Sprotte, Norbert"]
[Black "Ladisic, Alex Sacha"]
[Result "1/2-1/2"]
[WhiteElo "2196"]
[BlackElo "1970"]
[PlyCount "46"]
[EventDate "2016.11.19"]
[EventType "swiss"]
[EventRounds "11"]
[EventCountry "CZE"]
[SourceTitle "CBM 175 Extra"]
[Source "ChessBase"]
[SourceDate "2016.12.12"]
[SourceVersion "1"]
[SourceVersionDate "2016.12.12"]
[SourceQuality "1"]

1. d4 Nf6 2. Nf3 d6 3. c4 Nc6 4. Nc3 e5 5. g3 Bg4 6. d5 Ne7 7. Bg2 Qc8 8. h3 Bd7 9. e4 Ng6 10. Be3 Be7 11. Rc1 0-0 12. b4 a5 13. b5 b6 14. Nd2 Ne8 15. h4 f5 16. exf5 Bxf5 17. Nde4 h6 18. Bd2 Nf6 19. Nxf6+ Bxf6 20. Ne4 Bd7 21. Nxf6+ Rxf6 22. Be4 Ne7 23. f3 Bf5 1/2-1/2

[Event "GER-chT Seniors 25th"]
[Site "Magdeburg"]
[Date "2016.10.15"]
[Round "7.6"]
[White "Khanukov, Boris"]
[Black "Sprotte, Norbert"]
[Result "1-0"]
[WhiteElo "2316"]
[BlackElo "2209"]
[PlyCount "103"]
[EventDate "2016.10.09"]
[EventType "team-swiss"]
[EventRounds "7"]
[EventCountry "GER"]
[SourceTitle "EXT 2019"]
[Source "ChessBase"]
[SourceDate "2018.10.10"]
[SourceVersion "1"]
[SourceVersionDate "2018.10.10"]
[SourceQuality "1"]
[WhiteTeam "Nordrhein Westfalen"]
[BlackTeam "Berlin"]
[WhiteTeamCountry "GER"]
[BlackTeamCountry "GER"]

1. c4 Nf6 2. Nc3 c5 3. g3 g6 4. Bg2 Bg7 5. Nf3 d5 6. cxd5 Nxd5 7. 0-0 0-0 8. Qb3 Nb6 9. d3 Nc6 10. Qb5 Nd7 11. Qc4 b6 12. Qh4 Bb7 13. Bh6 Nf6 14. Rac1 Qd7 15. Bh3 e6 16. Rfe1 Nd4 17. Ng5 Nf5 18. Bxf5 exf5 19. e4 Nh5 20. Bxg7 Kxg7 21. exf5 Rfe8 22. fxg6 hxg6 23. Qc4 Rxe1+ 24. Rxe1 Re8 25. Rxe8 Qxe8 26. Nce4 Qe7 27. h4 f6 28. Qe6 Kf8 29. Qxe7+ Kxe7 30. Nf3 c4 31. Ne1 cxd3 32. Nd2 Ba6 33. Kg2 f5 34. Kf3 Nf6 35. Kf4 Kf7 36. Nef3 Kg7 37. Ne5 Nd5+ 38. Kg5 Nf6 39. f3 Nh7+ 40. Kf4 Nf6 41. Ke3 Nd5+ 42. Kd4 Nb4 43. a3 Nc2+ 44. Kc3 Ne1 45. f4 Kh6 46. Nf1 Ng2 47. Kd2 Kh5 48. Nh2 Bb5 49. Nxd3 a5 50. Ne5 a4 51. Nhf3 Ba6 52. Nd4 1-0

[Event "Vienna op-A"]
[Site "Vienna"]
[Date "2016.08.18"]
[Round "3"]
[White "Sprotte, Norbert"]
[Black "Kilgus, Georg"]
[Result "0-1"]
[WhiteElo "2202"]
[BlackElo "2413"]
[PlyCount "110"]
[EventDate "2016.08.16"]
[EventType "swiss"]
[EventRounds "9"]
[EventCountry "AUT"]
[SourceTitle "CBM 173 Extra"]
[Source "ChessBase"]
[SourceDate "2016.08.29"]
[SourceVersion "1"]
[SourceVersionDate "2016.08.29"]
[SourceQuality "1"]

1. d4 Nf6 2. Nf3 g6 3. c4 Bg7 4. Nc3 d5 5. Bf4 0-0 6. e3 c5 7. dxc5 Ne4 8. Rc1 Nxc3 9. bxc3 dxc4 10. Qxd8 Rxd8 11. Bxc4 Nd7 12. Ng5 Rf8 13. Ne4 Ne5 14. Bxe5 Bxe5 15. 0-0 Bf5 16. f3 Bxe4 17. fxe4 Rac8 18. Bb3 Rxc5 19. c4 Bd6 20. Rcd1 Re5 21. Rd5 b6 22. Rxe5 Bxe5 23. Rd1 Bd6 24. Kf2 Kg7 25. g3 h5 26. Rd5 f6 27. Kg2 Rc8 28. Kf3 Kf8 29. h4 Ke8 30. Ba4+ Kd8 31. Bb3 Kc7 32. Rd2 Rh8 33. Ba4 Rg8 34. Rh2 Bc5 35. Rd2 Bd6 36. Rh2 Kb7 37. Rh1 Rc8 38. Bb3 Rc5 39. Rd1 Ra5 40. a4 Rc5 41. Rd5 Ka6 42. g4 hxg4+ 43. Kxg4 Ka5 44. Bc2 Kb4 45. Rxc5 Bxc5 46. e5 Bxe3 47. Bxg6 Kxa4 48. e6 Kb3 49. Bd3 a5 50. Be2 a4 51. Bd1+ Kb4 52. Bxa4 Kxa4 53. Kf3 Bh6 54. Ke4 Kb4 55. Kf5 Kc5 0-1

[Event "Wch Seniors 65 25th"]
[Site "Acqui Terme"]
[Date "2015.11.13"]
[Round "4"]
[White "Sprotte, Norbert"]
[Black "Van Riemsdijk, Herman Claudius"]
[Result "0-1"]
[WhiteElo "2202"]
[BlackElo "2318"]
[PlyCount "56"]
[EventDate "2015.11.10"]
[EventType "swiss"]
[EventRounds "11"]
[EventCountry "ITA"]
[SourceTitle "CBM 169 Extra"]
[Source "ChessBase"]
[SourceDate "2015.12.18"]
[SourceVersion "1"]
[SourceVersionDate "2015.12.18"]
[SourceQuality "1"]

1. d4 Nf6 2. Nf3 e6 3. e3 c5 4. Bd3 b6 5. 0-0 Bb7 6. Nbd2 Nc6 7. c4 cxd4 8. exd4 d5 9. cxd5 Nxd5 10. Ne5 Nxe5 11. dxe5 a6 12. Nc4 b5 13. Nd6+ Bxd6 14. exd6 Qxd6 15. a4 b4 16. Re1 0-0 17. Bg5 Rac8 18. Re3 f5 19. Rg3 Nf4 20. Bf1 Qxd1 21. Rxd1 Ng6 22. Be7 Nxe7 23. Rd7 Bd5 24. Rxe7 Rf7 25. Rxf7 Kxf7 26. f4 a5 27. Re3 Rc2 28. Re2 Rc1 0-1